Gesamtausgabe
Saved in:
| Format: | Bog |
|---|---|
| Sprog: | tysk |
| Udgivet: |
Frankfurt am Main
Vittorio Klostermann
1978
|
| Fag: | |
| Tags: |
Tilføj Tag
Ingen Tags, Vær først til at tagge denne postø!
|
MARC
| LEADER | 00000nam a2200000 a 4500 | ||
|---|---|---|---|
| 001 | UCX0482 | ||
| 003 | CL-VaPUC | ||
| 008 | 891025e19780000GW |||||||||||||||||ger|d | ||
| 082 | 0 | 4 | |a 142.7 |b HEI |2 21 |
| 245 | 1 | 0 | |a Gesamtausgabe |
| 300 | |a v | ||
| 942 | |c BK | ||
| 945 | |d 19891025 00:00:00 |a aalvarez | ||
| 260 | |a Frankfurt am Main |b Vittorio Klostermann |c 1978 | ||
| 500 | |a v.2: Sein und Zeit | ||
| 500 | |a v.3: Kant und das problem der Metaphysik | ||
| 500 | |a v.4: Erlauterungen zu Holderlins Dichtung | ||
| 500 | |a v.7: Vorträge und Aufsätze | ||
| 500 | |a v.8: Grundbegriffe der Aristotelisches philosophie | ||
| 500 | |a v.9: Wegmarken | ||
| 500 | |a v.12: Unterwegs zur Sprache | ||
| 500 | |a v.13: Aus der Erfahrung des Denkens | ||
| 500 | |a v.15: Seminare | ||
| 500 | |a v.17: Einfuhrung in die Phanomenologisch Forschung | ||
| 500 | |a v.18: Was Heisst Denken | ||
| 500 | |a v.19: Platon: Sophistes | ||
| 500 | |a v.20: Prolegomena zur Geschichte des Zeitbegriffs | ||
| 500 | |a v.21: Logik die Frage nach der Wahrheit | ||
| 500 | |a v.22: Die Grundbegriffe der antiken Philosophie | ||
| 500 | |a v.24: Die Grundprobleme der Phanomenologie | ||
| 500 | |a v.25: Phanomenologische Interpretation von Kant kritik der Reinen Vernunft | ||
| 500 | |a v.26: Metaphysische Anfangsgrunde der logik in Ausgang von Leibniz | ||
| 500 | |a v. 29-30: Die Grundbegriffe der metaphysik | ||
| 500 | |a v.32: Hegels Phanomenologie des Geistes | ||
| 500 | |a v.33: Aristoteles, Metaphysik | ||
| 500 | |a v.34: Vom Wesen der Wahrheit | ||
| 500 | |a v.39: Holderins Hymnen Germanien und der Rhein | ||
| 500 | |a v.40: Einfuhrung in die Metaphysik | ||
| 500 | |a v.41: Die Frage nach dem Ding | ||
| 500 | |a v.42: Schelling: von Wesen der menschlichen Freiheit | ||
| 500 | |a v.43: Nietzche: der wille zur Mach als kunts | ||
| 500 | |a v.44: Nietzche metaphysische Grundstellung im Abendlandischen Denken | ||
| 500 | |a v.45: Grundfragen der Philosophie | ||
| 500 | |a v.47: Nietzsches Lehre wom willem zur Macht als Erkenntnis | ||
| 500 | |a v.48: Nietzche: der Europaische Nihilismus | ||
| 500 | |a v.49: Die Metaphysik des Deutschen Idealismus | ||
| 500 | |a v.50: Nietzsches Metaphysik. Einleitung in die philosophie Denken und Dichten | ||
| 500 | |a v.53: Holderl Hymne Der Ister | ||
| 500 | |a v.55: Heraklit. Der des Abendlandischen Denkens. Logik. Heraklits Lehre von Logos | ||
| 500 | |a v.56-57: Zur Bestimmung der Philosophie. Die Idee der Philosophie und Das Weltanschauungs problem. Phanomenologie und transzendentale Wertphilosophie | ||
| 500 | |a v.59: Phanomenologie der Anschauung und des Ausdrucks | ||
| 500 | |a v.61: Phanomenologische Interpretationen zu Aristoteles. Einfuhrung in die Phanomenologische Forschung | ||
| 500 | |a v.63: Ontologie | ||
| 500 | |a v.75: Zu Hölderlin, Griechenlanddreisen | ||
| 650 | 0 | |a Filosofía |9 223554 | |
| 583 | |a last modification |c 19891025 00:00:00 |k Rodrigo Vera | ||
| 999 | |c 222075 |d 222073 | ||
| 952 | |0 0 |1 0 |4 0 |6 142_700000000000000_HEI_1978 |7 0 |8 P |9 216272 |a BIBEDU |b BIBEDU |d 2019-11-15 |h v.20 |i 2848805 |o 142.7 HEI 1978 |p 2848805 |r 2025-01-22 |w 2019-11-15 |y BK |k FIL | ||
| 952 | |0 0 |1 0 |4 0 |6 142_700000000000000_HEI_1978 |7 0 |8 P |9 216273 |a BIBEDU |b BIBEDU |d 2019-11-15 |h v.21 |i 2848813 |o 142.7 HEI 1978 |p 2848813 |r 2025-01-22 |w 2019-11-15 |y BK |k FIL | ||
| 952 | |0 0 |1 0 |4 0 |6 142_700000000000000_HEI_1978 |7 0 |8 P |9 216274 |a BIBEDU |b BIBEDU |d 2019-11-15 |h v.24 |i 2848821 |o 142.7 HEI 1978 |p 2848821 |r 2025-01-22 |w 2019-11-15 |y BK |k FIL | ||
| 952 | |0 0 |1 0 |4 0 |6 142_700000000000000_HEI_1978 |7 0 |8 P |9 216275 |a BIBEDU |b BIBEDU |d 2019-11-15 |h v.25 |i 284883K |o 142.7 HEI 1978 |p 284883K |r 2025-01-22 |w 2019-11-15 |y BK |k FIL | ||
| 952 | |0 0 |1 0 |4 0 |6 142_700000000000000_HEI_1978 |7 0 |8 P |9 216276 |a BIBEDU |b BIBEDU |d 2019-11-15 |h v.26 |i 2848848 |o 142.7 HEI 1978 |p 2848848 |r 2025-01-22 |w 2019-11-15 |y BK |k FIL | ||
| 952 | |0 0 |1 0 |4 0 |6 142_700000000000000_HEI_1978 |7 0 |8 P |9 216277 |a BIBEDU |b BIBEDU |d 2019-11-15 |h v.32 |i 2848856 |o 142.7 HEI 1978 |p 2848856 |r 2025-01-22 |w 2019-11-15 |y BK |k FIL | ||
| 952 | |0 0 |1 0 |4 0 |6 142_700000000000000_HEI_1978 |7 0 |8 P |9 216278 |a BIBEDU |b BIBEDU |d 2019-11-15 |h v.34 |i 2848864 |o 142.7 HEI 1978 |p 2848864 |r 2025-01-22 |w 2019-11-15 |y BK |k FIL | ||
| 952 | |0 0 |1 0 |4 0 |6 142_700000000000000_HEI_1978 |7 0 |8 P |9 216279 |a BIBEDU |b BIBEDU |d 2019-11-15 |h v.39 |i 2848872 |o 142.7 HEI 1978 |p 2848872 |r 2025-01-22 |w 2019-11-15 |y BK |k FIL | ||
| 952 | |0 0 |1 0 |4 0 |6 142_700000000000000_HEI_1978 |7 0 |8 P |9 216280 |a BIBEDU |b BIBEDU |d 2019-11-15 |h v.42 |i 2848880 |o 142.7 HEI 1978 |p 2848880 |r 2025-01-22 |w 2019-11-15 |y BK |k FIL | ||
| 952 | |0 0 |1 0 |4 0 |6 142_700000000000000_HEI_1978 |7 0 |8 P |9 216281 |a BIBEDU |b BIBEDU |d 2019-11-15 |h v.63 |i 2848899 |o 142.7 HEI 1978 |p 2848899 |r 2025-01-22 |w 2019-11-15 |y BK |k FIL | ||
| 952 | |0 0 |1 0 |4 0 |6 142_700000000000000_HEI_1978 |7 0 |8 P |9 216282 |a BIBEDU |b BIBEDU |d 2019-11-15 |h v.3 |i 2848902 |o 142.7 HEI 1978 |p 2848902 |r 2025-01-22 |w 2019-11-15 |y BK |k FIL | ||
| 952 | |0 0 |1 0 |4 0 |6 142_700000000000000_HEI_1978 |7 0 |8 P |9 216283 |a BIBEDU |b BIBEDU |d 2019-11-15 |h v.47 |i 2848910 |o 142.7 HEI 1978 |p 2848910 |r 2025-01-22 |w 2019-11-15 |y BK |k FIL | ||
| 952 | |0 0 |1 0 |4 0 |6 142_700000000000000_HEI_1978 |7 0 |8 P |9 216284 |a BIBEDU |b BIBEDU |d 2019-11-15 |h v.49 |i 2848929 |o 142.7 HEI 1978 |p 2848929 |r 2025-01-22 |w 2019-11-15 |y BK |k FIL | ||
| 952 | |0 0 |1 0 |4 0 |6 142_700000000000000_HEI_1978 |7 0 |8 P |9 216285 |a BIBEDU |b BIBEDU |d 2019-11-15 |h v.50 |i 2848937 |o 142.7 HEI 1978 |p 2848937 |r 2025-01-22 |w 2019-11-15 |y BK |k FIL | ||
| 952 | |0 0 |1 0 |4 0 |6 142_700000000000000_HEI_1978 |7 0 |8 P |9 216286 |a BIBEDU |b BIBEDU |d 2019-11-15 |h v.59 |i 3005704 |o 142.7 HEI 1978 |p 3005704 |r 2025-01-22 |w 2019-11-15 |y BK |k FIL | ||
| 952 | |0 0 |1 0 |4 0 |6 142_700000000000000_HEI_1978 |7 0 |8 P |9 216287 |a BIBEDU |b BIBEDU |d 2019-11-15 |h v.17 |i 3088898 |o 142.7 HEI 1978 |p 3088898 |r 2025-01-22 |w 2019-11-15 |y BK |k FIL | ||
| 952 | |0 0 |1 0 |4 0 |6 142_700000000000000_HEI_1978 |7 0 |8 P |9 216288 |a BIBEDU |b BIBEDU |d 2019-11-15 |h v.22 |i 308888K |o 142.7 HEI 1978 |p 308888K |r 2025-01-22 |w 2019-11-15 |y BK |k FIL | ||
| 952 | |0 0 |1 0 |4 0 |6 142_700000000000000_HEI_1978 |7 0 |8 P |9 216289 |a BIBEDU |b BIBEDU |d 2019-11-15 |h v.19 |i 1561391 |o 142.7 HEI 1978 |p 1561391 |r 2025-01-22 |w 2019-11-15 |y BK |k FIL | ||
| 952 | |0 0 |1 0 |4 0 |6 142_700000000000000_HEI_1978 |7 0 |8 P |9 216290 |a BIBEDU |b BIBEDU |d 2019-11-15 |h v.58 |i 1561405 |o 142.7 HEI 1978 |p 1561405 |r 2025-01-22 |w 2019-11-15 |y BK |k FIL | ||
| 952 | |0 0 |1 0 |4 0 |6 142_700000000000000_HEI_1978 |7 0 |8 P |9 216291 |a BIBEDU |b BIBEDU |d 2019-11-15 |h v.40 |i 1569465 |o 142.7 HEI 1978 |p 1569465 |r 2025-01-22 |w 2019-11-15 |y BK |k FIL | ||
| 952 | |0 0 |1 0 |4 0 |6 142_700000000000000_HEI_1978 |7 0 |8 P |9 216292 |a BIBEDU |b BIBEDU |d 2019-11-15 |h v.41 |i 1569430 |o 142.7 HEI 1978 |p 1569430 |r 2025-01-22 |w 2019-11-15 |y BK |k FIL | ||
| 952 | |0 0 |1 0 |4 0 |6 142_700000000000000_HEI_1978 |7 0 |8 P |9 216293 |a BIBEDU |b BIBEDU |d 2019-11-15 |h v.43 |i 1569449 |o 142.7 HEI 1978 |p 1569449 |r 2025-01-22 |w 2019-11-15 |y BK |k FIL | ||
| 952 | |0 0 |1 0 |4 0 |6 142_700000000000000_HEI_1978 |7 0 |8 P |9 216294 |a BIBEDU |b BIBEDU |d 2019-11-15 |h v.45 |i 1569473 |o 142.7 HEI 1978 |p 1569473 |r 2025-01-22 |w 2019-11-15 |y BK |k FIL | ||
| 952 | |0 0 |1 0 |4 0 |6 142_700000000000000_HEI_1978 |7 0 |8 P |9 216295 |a BIBEDU |b BIBEDU |d 2019-11-15 |h v.44 |i 1569481 |o 142.7 HEI 1978 |p 1569481 |r 2025-01-22 |w 2019-11-15 |y BK |k FIL | ||
| 952 | |0 0 |1 0 |4 0 |6 142_700000000000000_HEI_1978 |7 0 |8 P |9 216296 |a BIBEDU |b BIBEDU |d 2019-11-15 |h v.48 |i 156949K |o 142.7 HEI 1978 |p 156949K |r 2025-01-22 |w 2019-11-15 |y BK |k FIL | ||
| 952 | |0 0 |1 0 |4 0 |6 142_700000000000000_HEI_1978 |7 0 |8 P |9 216297 |a BIBEDU |b BIBEDU |d 2019-11-15 |h v.53 |i 1569503 |o 142.7 HEI 1978 |p 1569503 |r 2025-01-22 |w 2019-11-15 |y BK |k FIL | ||
| 952 | |0 0 |1 0 |4 0 |6 142_700000000000000_HEI_1978 |7 0 |8 P |9 216298 |a BIBEDU |b BIBEDU |d 2019-11-15 |h v.55 |i 1569511 |o 142.7 HEI 1978 |p 1569511 |r 2025-01-22 |w 2019-11-15 |y BK |k FIL | ||
| 952 | |0 0 |1 0 |4 0 |6 142_700000000000000_HEI_1978 |7 0 |8 P |9 216299 |a BIBEDU |b BIBEDU |d 2019-11-15 |h v.56-57 |i 156952K |o 142.7 HEI 1978 |p 156952K |r 2025-01-22 |w 2019-11-15 |y BK |k FIL | ||
| 952 | |0 0 |1 0 |4 0 |6 142_700000000000000_HEI_1978 |7 0 |8 P |9 216300 |a BIBEDU |b BIBEDU |d 2019-11-15 |h v.61 |i 1569538 |o 142.7 HEI 1978 |p 1569538 |r 2025-01-22 |w 2019-11-15 |y BK |k FIL | ||
| 952 | |0 0 |1 0 |4 0 |6 142_700000000000000_HEI_1978 |7 0 |8 P |9 216301 |a BIBEDU |b BIBEDU |d 2019-11-15 |h v.4 |i 1569546 |o 142.7 HEI 1978 |p 1569546 |r 2025-01-22 |w 2019-11-15 |y BK |k FIL | ||
| 952 | |0 0 |1 0 |4 0 |6 142_700000000000000_HEI_1978 |7 0 |8 P |9 216302 |a BIBEDU |b BIBEDU |d 2019-11-15 |h v.9 |i 1569554 |o 142.7 HEI 1978 |p 1569554 |r 2025-01-22 |w 2019-11-15 |y BK |k FIL | ||
| 952 | |0 0 |1 0 |4 0 |6 142_700000000000000_HEI_1978 |7 0 |8 P |9 216303 |a BIBEDU |b BIBEDU |d 2019-11-15 |h v.13 |i 1569562 |o 142.7 HEI 1978 |p 1569562 |r 2025-01-22 |w 2019-11-15 |y BK |k FIL | ||
| 952 | |0 0 |1 0 |4 0 |6 142_700000000000000_HEI_1978 |7 0 |8 P |9 216304 |a BIBEDU |b BIBEDU |d 2019-11-15 |h v.13 |i 1569570 |o 142.7 HEI 1978 |p 1569570 |r 2025-01-22 |w 2019-11-15 |y BK |k FIL | ||
| 952 | |0 0 |1 0 |4 0 |6 142_700000000000000_HEI_1978 |7 0 |8 P |9 216305 |a BIBEDU |b BIBEDU |d 2019-11-15 |h v.15 |i 1569589 |o 142.7 HEI 1978 |p 1569589 |r 2025-01-22 |w 2019-11-15 |y BK |k FIL | ||
| 952 | |0 0 |1 0 |4 0 |6 142_700000000000000_HEI_1978 |7 0 |8 P |9 216306 |a BIBEDU |b BIBEDU |d 2019-11-15 |h v.29-30 |i 1569597 |o 142.7 HEI 1978 |p 1569597 |r 2025-01-22 |w 2019-11-15 |y BK |k FIL | ||
| 952 | |0 0 |1 0 |4 0 |6 142_700000000000000_HEI_1978 |7 0 |8 P |9 216307 |a BIBEDU |b BIBEDU |d 2019-11-15 |h v.33 |i 1569600 |o 142.7 HEI 1978 |p 1569600 |r 2025-01-22 |w 2019-11-15 |y BK |k FIL | ||
| 952 | |0 0 |1 0 |4 0 |6 142_700000000000000_HEI_1978 |7 0 |8 P |9 216308 |a BIBEDU |b BIBEDU |d 2019-11-15 |i 1630652 |o 142.7 HEI 1978 |p 1630652 |r 2019-11-15 |w 2019-11-15 |y BK |k EDU | ||
| 952 | |0 0 |1 0 |4 0 |6 142_700000000000000_HEI_1978 |7 0 |8 P |9 216309 |a BIBEDU |b BIBEDU |d 2019-11-15 |h v.10 |i 3422747 |o 142.7 HEI 1978 |p 3422747 |r 2025-01-22 |w 2019-11-15 |y BK |k FIL | ||
| 952 | |0 0 |1 0 |4 0 |6 142_700000000000000_HEI_1978 |7 0 |8 P |9 216310 |a BIBEDU |b BIBEDU |d 2019-11-15 |h v.27 |i 3422755 |o 142.7 HEI 1978 |p 3422755 |r 2025-01-22 |w 2019-11-15 |y BK |k FIL | ||
| 952 | |0 0 |1 0 |4 0 |6 142_700000000000000_HEI_1978 |7 0 |8 P |9 216311 |a BIBEDU |b BIBEDU |d 2019-11-15 |h v.28 |i 3422763 |o 142.7 HEI 1978 |p 3422763 |r 2025-01-22 |w 2019-11-15 |y BK |k FIL | ||
| 952 | |0 0 |1 0 |4 0 |6 142_700000000000000_HEI_1978 |7 0 |8 P |9 216312 |a BIBEDU |b BIBEDU |d 2019-11-15 |h v.6 p.1 |i 330311K |o 142.7 HEI 1978 |p 330311K |r 2025-01-22 |w 2019-11-15 |y BK |k FIL | ||
| 952 | |0 0 |1 0 |4 0 |6 142_700000000000000_HEI_1978 |7 0 |8 P |9 216313 |a BIBEDU |b BIBEDU |d 2019-11-15 |h v.7 |i 3729184 |o 142.7 HEI 1978 |p 3729184 |r 2025-01-22 |w 2019-11-15 |y BK |k BME | ||
| 952 | |0 0 |1 0 |4 0 |6 142_700000000000000_HEI_1978 |7 0 |8 P |9 216314 |a BIBEDU |b BIBEDU |d 2019-11-15 |h v.75 |i 3729192 |o 142.7 HEI 1978 |p 3729192 |r 2025-01-22 |w 2019-11-15 |y BK |k BME | ||
| 952 | |0 0 |1 0 |4 0 |6 142_700000000000000_HEI_1978 |7 0 |8 P |9 216315 |a BIBEDU |b BIBEDU |d 2019-11-15 |h v.8 |i 3882934 |o 142.7 HEI 1978 |p 3882934 |r 2025-01-22 |w 2019-11-15 |y BK |k FIL | ||
| 952 | |0 0 |1 0 |4 0 |6 142_700000000000000_HEI_1978 |7 0 |8 P |9 216316 |a BIBEDU |b BIBEDU |d 2019-11-15 |h v.18 |i 3882942 |o 142.7 HEI 1978 |p 3882942 |r 2025-01-22 |w 2019-11-15 |y BK |k FIL | ||